000 00570nam a2200229Ia 4500
003 OSt
005 20220924142527.0
006 a|||||r|||| 00| 0
007 ta
008 ASM
024 _a302323
037 _cTextual
040 _aARTS
_cARTS
_bASM
041 _2ASM
_aASM
082 _aO158,3NSA,2, N9
100 _aSaikia Chandra Parsad
_9213574
245 0 _aTore more alokare yatra
260 _c1999
650 _aASSAMESE LITERATURE
_911738
942 _hO158,3NSA,2, N9
_cTEXL
_2CC
999 _c451045
_d451045